Crowns and oranges : (Record no. 17296)
[ view plain ]
| 000 -LEADER | |
|---|---|
| fixed length control field | 00647nam a22002297a 4500 |
| 003 - CONTROL NUMBER IDENTIFIER | |
| control field | OSt |
| 005 - DATE AND TIME OF LATEST TRANSACTION | |
| control field | 20140310182916.0 |
| 008 - FIXED-LENGTH DATA ELEMENTS--GENERAL INFORMATION | |
| fixed length control field | 130129t xxu||||| |||| 00| 0 eng d |
| 020 ## - INTERNATIONAL STANDARD BOOK NUMBER | |
| International Standard Book Number | 9789712720697 |
| 050 ## - LIBRARY OF CONGRESS CALL NUMBER | |
| Classification number | PL5533 |
| Item number | .B352 2009 |
| 082 ## - DEWEY DECIMAL CLASSIFICATION NUMBER | |
| Classification number | FIL 899.2101 |
| Item number | .C953 2009 |
| 245 ## - TITLE STATEMENT | |
| Title | Crowns and oranges : |
| Remainder of title | works by young Philippine poets |
| Statement of responsibility, etc | Bautista, Cirilio F. and Ishikawa, Ken |
| 260 ## - PUBLICATION, DISTRIBUTION, ETC. (IMPRINT) | |
| Place of publication, distribution, etc | Manila : |
| Name of publisher, distributor, etc | Anvil, |
| Date of publication, distribution, etc | c2009. |
| 300 ## - PHYSICAL DESCRIPTION | |
| Extent | vxii, 250 p. ; |
| Dimensions | 23 cm. |
| 521 ## - TARGET AUDIENCE NOTE | |
| Target audience note | |
| 526 ## - STUDY PROGRAM INFORMATION NOTE | |
| Reading level | 1210L-1700L |
| 541 ## - IMMEDIATE SOURCE OF ACQUISITION NOTE | |
| -- | 1 |
| 541 ## - IMMEDIATE SOURCE OF ACQUISITION NOTE | |
| -- | 2 |
| 541 ## - IMMEDIATE SOURCE OF ACQUISITION NOTE | |
| -- | 3 |
| 562 ## - COPY AND VERSION IDENTIFICATION NOTE | |
| Number of copies | 3 |
| 942 ## - ADDED ENTRY ELEMENTS (KOHA) | |
| Source of classification or shelving scheme | Library of Congress Classification |
| Koha item type | Books |
| Call number prefix | Filipininana |
| Withdrawn status | Lost status | Source of classification or shelving scheme | Damaged status | Home library | Current library | Shelving location | Date acquired | Source of acquisition | Total Checkouts | Full call number | Barcode | Date last seen | Copy number | Price effective from | Koha item type | Date checked out |
|---|---|---|---|---|---|---|---|---|---|---|---|---|---|---|---|---|
| Library of Congress Classification | College Library | College Library | Filipiniana Section | 01/29/2013 | Library Fund | PL 5533 .B352 2009 | C14976 | 05/08/2018 | 1 | 01/29/2013 | Books | |||||
| Library of Congress Classification | College Library | College Library | Filipiniana Section | 05/03/2013 | 1 | PL5533 .B352 2009 | C13455 | 11/12/2019 | 2 | 05/03/2013 | Books | 10/24/2019 | ||||
| Library of Congress Classification | College Library | College Library | Filipiniana Section | 05/07/2013 | PL5533 .B352 2009 | C12763 | 05/08/2018 | 3 | 05/07/2013 | Books |